The story of Dandi March / (Record no. 60533)

MARC details
000 -LEADER
fixed length control field 00670nas a2200205 a 4500
005 - DATE AND TIME OF LATEST TRANSACTION
control field 20120109144910.0
020 ## - INTERNATIONAL STANDARD BOOK NUMBER
International Standard Book Number 8186895035
Terms of availability 45.00
020 ## - INTERNATIONAL STANDARD BOOK NUMBER
International Standard Book Number 9788186895030
037 ## - SOURCE OF ACQUISITION
Source of stock number/acquisition PUB
100 ## - MAIN ENTRY--PERSONAL NAME
Personal name Rao, Sandhya
245 ## - TITLE STATEMENT
Title The story of Dandi March /
Statement of responsibility, etc by Sandhya Rao; illustrated by Ranjan De
260 ## - PUBLICATION, DISTRIBUTION, ETC. (IMPRINT)
Name of publisher, distributor, etc Tulika Publishers
Date of publication, distribution, etc 2008
Place of publication, distribution, etc Chennai
270 ## - ADDRESS
Address 13, Prithvi Avenue, Abhiramapuram
City Chennai
Postal code 600018
300 ## - PHYSICAL DESCRIPTION
Extent Unpaged
Other physical details photos
Dimensions 28cm(pbk)
500 ## - GENERAL NOTE
General note Read and colour freedom stories
700 ## - ADDED ENTRY--PERSONAL NAME
Personal name De, Ranjan
9 (RLIN) 38687
942 ## - ADDED ENTRY ELEMENTS (KOHA)
Source of classification or shelving scheme Dewey Decimal Classification
Item type Children Books
Call number suffix RAO
Holdings
Withdrawn status Lost status Not for loan Home library Current library Date acquired Cost, normal purchase price Full call number Cost, replacement price Koha item type
    Ordered Andrews Gunj Andrews Gunj 09/01/2012 45.00 RAO 45.00 Children Books

© Delhi Public Library
Hit Counter
free hit counter